000229879 001__ 229879 000229879 005__ 20260128172343.0 000229879 0247_ $$2HSB$$ahsb999910335188 000229879 0247_ $$2ISSN$$a1868-5196 000229879 0247_ $$2ISSN$$a2747-3309 000229879 0247_ $$2datacite_doi$$a10.18154/RWTH-CONV-111092 000229879 037__ $$aRWTH-CONV-111092 000229879 041__ $$aGerman 000229879 082__ $$a720 000229879 1001_ $$0P:(DE-82)IDM00990$$aGinski, Sarah$$b0$$eEditor$$urwth 000229879 245__ $$aPlanung neu denken online$$ceine Plattform des Lehrstuhls für Planungstheorie und Stadtentwicklung mit Texten und Diskussionen zur Entwicklung von Stadt und Region$$honline$$n2009,1 000229879 260__ $$aAachen$$bRWTH$$c2009 000229879 260__ $$c2017 000229879 3367_ $$01$$2EndNote$$aBook 000229879 3367_ $$0PUB:(DE-HGF)3$$2PUB:(DE-HGF)$$aBook 000229879 3367_ $$0PUB:(DE-HGF)39$$2PUB:(DE-HGF)$$aJournal Issue$$bjournalissue$$mjournalissue 000229879 3367_ $$2BibTeX$$aBOOK 000229879 3367_ $$2DINI$$aPeriodicalPart 000229879 3367_ $$2DataCite$$aOutput Types/Journal Issue 000229879 3367_ $$2ORCID$$aBOOK 000229879 500__ $$aZweitveröffentlicht auf dem Publikationsserver der RWTH Aachen University 2017. - Personen ermittelt 000229879 591__ $$aGermany 000229879 650_7 $$2SWD$$aStadtentwicklung 000229879 650_7 $$2SWD$$aStadtplanung 000229879 653_7 $$aArchitektur 000229879 7001_ $$0P:(DE-82)IDM00799$$aSelle, Klaus$$b1$$eEditor$$urwth 000229879 7001_ $$0P:(DE-82)001409$$aKlemme, Marion$$b2$$eEditor 000229879 773__ $$0PERI:(DE-600)3051889-1$$n1$$tPlanung neu denken online$$v2009$$x1868-5196 000229879 8564_ $$uhttps://publications.rwth-aachen.de/record/229879/files/pnd-online_2009-1.pdf$$yOpenAccess 000229879 8564_ $$uhttps://publications.rwth-aachen.de/record/229879/files/pnd-online_2009-1.gif?subformat=icon$$xicon$$yOpenAccess 000229879 8564_ $$uhttps://publications.rwth-aachen.de/record/229879/files/pnd-online_2009-1.jpg?subformat=icon-180$$xicon-180$$yOpenAccess 000229879 8564_ $$uhttps://publications.rwth-aachen.de/record/229879/files/pnd-online_2009-1.jpg?subformat=icon-700$$xicon-700$$yOpenAccess 000229879 8564_ $$uhttps://publications.rwth-aachen.de/record/229879/files/pnd-online_2009-1.pdf?subformat=pdfa$$xpdfa$$yOpenAccess 000229879 909CO $$ooai:publications.rwth-aachen.de:229879$$pdnbdelivery$$pdriver$$popen_access$$popenaire$$qVDB 000229879 9101_ $$0I:(DE-588b)36225-6$$6P:(DE-82)IDM00990$$aRWTH Aachen$$b0$$kRWTH 000229879 9101_ $$0I:(DE-588b)36225-6$$6P:(DE-82)IDM00799$$aRWTH Aachen$$b1$$kRWTH 000229879 9141_ $$y2009 000229879 915__ $$0StatID:(DE-HGF)0510$$2StatID$$aOpenAccess 000229879 9201_ $$0I:(DE-82)212110_20140620$$k212110$$lLehrstuhl für Planungstheorie und Stadtentwicklung$$x0 000229879 961__ $$c2014-03-14$$x2014-03-13$$z2012-02-20 000229879 970__ $$ahsb999910335188 000229879 9801_ $$aFullTexts 000229879 980__ $$aConvertedRecord 000229879 980__ $$aI:(DE-82)212110_20140620 000229879 980__ $$aUNRESTRICTED 000229879 980__ $$aVDBINPRINT 000229879 980__ $$abook 000229879 980__ $$ajournalissue